Journal of Inter-American Studies : January, 1966 /

Revista dedicada a temas latinoamericanos tanto históricos como de actualidad.

Збережено в:
Бібліографічні деталі
Формат: Книга
Мова:Англійська
Опубліковано: Gainesville, EUA : Pan-American Foundation, 1966, c1966
Предмети:
Теги: Додати тег
Немає тегів, Будьте першим, хто поставить тег для цього запису!

MARC

LEADER 00000nam^a2200000^a^4500
001 000134581
005 20250521000000.0
009 20260310095211.673
037 |a Acervo ITESO - Biblioteca 
041 |a ING 
082 |a 980. 005  |b JOU V. 8 T. 1 
240 1 1 |a [Journal of Inter-American Studies] 
245 0 0 |a Journal of Inter-American Studies :  |b January, 1966 / 
264 4 |a Gainesville, EUA :  |b Pan-American Foundation,  |c 1966, c1966 
300 |a 185 p. 
336 |a texto  |b txt  |2 rdacontenido 
337 |a sin mediación  |b n  |2 rdamedio 
338 |a volumen  |b nc  |2 rdasoporte 
520 |a Revista dedicada a temas latinoamericanos tanto históricos como de actualidad. 
546 |a Edición bilingüe español-inglés 
649 |a XX 
650 |a América -  |x Historia -  |x Publicaciones Periódicas Norteamericanas 
650 |a Climatología 
650 |a Finanzas Públicas -  |z Colombia 
650 |a Desarrollo Económico-Social -  |z Colombia 
650 |a Reforma Agraria -  |z Colombia 
650 |a Agricultura -  |z Colombia 
650 |a Economía -  |z Colombia 
650 |a Literatura Peruana -  |x Historia y Crítica 
650 |a Literatura Peruana -  |y Siglo XX 
650 |a Haití -  |x Condiciones Sociales y Culturales 
650 |a Ideología -  |z Latinoamérica -  |x Historia 
650 |a Filosofía Política -  |z Latinoamérica -  |x Historia 
650 |a Política -  |z Latinoamérica -  |x Historia 
650 |a Peronismo 
650 |a Política -  |z Argentina -  |x Historia -  |y 1955-1973 
650 |a Liderazgo -  |z Costa Rica 
650 |a Agricultura -  |z Costa Rica 
650 |a Escritores Argentinos 
650 |a Literatura Argentina -  |x Historia y Crítica 
650 |a Literatura Argentina -  |y Siglo XX 
650 |a Sábato, Ernesto 
910 |a Fondo Salvador Reynoso Reynoso 
920 |a Impresos - Libros 
930 |a Fondos Especiales 
905 |a 112 
901 |a 0800013272  |b IT2  |c ESP  |u 20250521 
902 |a https://opac.biblio.iteso.mx/vufind/Record/000134581